| 000 | 00579pam a2200217 i 4500 | ||
|---|---|---|---|
| 001 | 3700027 | ||
| 005 | 20180814065902.0 | ||
| 008 | 791105s1980 nyua b 001 0 eng | ||
| 010 | _a 79024610 | ||
| 020 |
_a0471036641 : _c$16.95 (est.) |
||
| 040 |
_aDLC _cDLC _dDLC |
||
| 041 | _aeng | ||
| 080 | _a613.2 BEA | ||
| 082 | 0 | 0 | _a613.2 BEA |
| 100 | 1 | _a10 | |
| 101 | _aNUT | ||
| 245 | 1 | 0 |
_aNutrition in the life span / _cVirginia A. Beal. |
| 504 | _aIncludes bibliographical references and index. | ||
| 906 |
_a7 _bcbc _corignew _d1 _eocip _f19 _gy-gencatlg |
||
| 942 |
_2ddc _cBK |
||
| 999 |
_c47122 _d47122 |
||